| 000 | 00374nam a2200145Ia 4500 | ||
|---|---|---|---|
| 003 | LK-CoDNM | ||
| 008 | 010623t1876 xxu||||| |||| 00| 1 eng d | ||
| 040 |
_aLK-CoDNM _dLK-CoDNM _eLK-CoDNM |
||
| 041 | _aeng | ||
| 100 | _aBevan,G.Phillips. | ||
| 245 | _aBritish Manufacturing Industries | ||
| 260 |
_bEdward Stanford _aLondon _c1876 |
||
| 300 | _bvi,189p., 17 cm | ||
| 942 | _cBK | ||
| 999 |
_c82016 _d82016 |
||